[Event "8.HK 61 aars Jubilaeumsturnering 2004"]
[Site "Farum"]
[Date "2004.10.12"]
[Round "3"]
[White "Hansen, Torben Elleby"]
[Black "Christoffersen, Eskild"]
[Result "1/2-1/2"]
[WhiteElo "1583"]
[BlackElo "1489"]
[PlyCount "99"]
[EventDate "2004.??.??"]

1. e4 e5 2. Nf3 Nf6 3. Bc4 Nc6 4. d4 d5 5. exd5 Na5 6. Bb5+ c6 7. dxc6 bxc6 8.
Ba4 e4 9. Ne5 Qc7 10. Qe2 Bd6 11. Nc4 O-O 12. Nxd6 Qxd6 13. Qd2 Nc4 14. Qc3 Ba6
15. b3 Nd5 16. Qg3 Qxg3 17. hxg3 Ncb6 18. Bxc6 Rac8 19. Bxd5 Rxc2 20. Bxf7+
Rxf7 21. Nd2 Bd3 22. Ba3 Nd5 23. Rc1 Rfc7 24. Ra1 Nb4 25. Rh5 Nxa2 26. Rc5
R7xc5 27. Bxc5 Rc1+ 28. Rxc1 Nxc1 29. Bxa7 Bc2 30. d5 Nxb3 31. Nxb3 Bxb3 32. d6
Kf7 33. Kd2 Ke6 34. Bc5 Ba4 35. Ke3 Kd5 36. Ba3 Bd7 37. Kf4 Be6 38. f3 exf3 39.
gxf3 Bd7 40. Kg5 Ke6 41. f4 Kf7 42. f5 Bc8 43. g4 Bd7 44. Kf4 Bc6 45. Bb2 Bd7
46. Ke5 Bc6 47. Kd4 Bf3 48. Kc5 Bxg4 49. Bxg7 Bxf5 50. Bh6 1/2-1/2

[Event "8.HK 61 aars Jubilaeumsturnering 2004"]
[Site "Farum"]
[Date "2004.10.12"]
[Round "3"]
[White "Hein, Jacob"]
[Black "Olsen, Ole"]
[Result "1-0"]
[WhiteElo "1282"]
[BlackElo "1324"]
[PlyCount "93"]
[EventDate "2004.??.??"]

1. d4 d5 2. c4 dxc4 3. Nc3 e6 4. e4 Bb4 5. Bxc4 Bxc3+ 6. bxc3 a6 7. Qf3 Qf6 8.
Bf4 Nd7 9. e5 Qe7 10. Nh3 h6 11. d5 Nb6 12. d6 Qd7 13. Be2 Nd5 14. Bg3 cxd6 15.
exd6 Ngf6 16. O-O O-O 17. Rfd1 b5 18. c4 bxc4 19. Bxc4 Bb7 20. Bxd5 Bxd5 21.
Qa3 Rfd8 22. Rac1 Ne4 23. Rc7 Qb5 24. Qf3 Rd7 25. Rdc1 Rad8 26. Qa3 Nxg3 27.
Qxg3 Rxd6 28. Nf4 Bxa2 29. Qg4 Rd4 30. Qf3 Qf5 31. g3 Bd5 32. Qc3 Qe4 33. Nxd5
R4xd5 34. Re1 Qa4 35. Rxe6 R8d7 36. Re8+ Kh7 37. Rc4 Rd1+ 38. Kg2 Qb5 39. Re5
Qb7+ 40. Kh3 R1d3 41. Qc2 g6 42. Re8 Rd8 43. Rc7 Qd5 44. Rxd8 Qxd8 45. Rxf7+
Kg8 46. Rc7 Rd2 47. Qxg6+ 1-0

[Event "8.HK 61 aars Jubilaeumsturnering 2004"]
[Site "Farum"]
[Date "2004.10.13"]
[Round "4"]
[White "Hove, Esben Kjems"]
[Black "Fries Nielsen, Jens Ove"]
[Result "1/2-1/2"]
[WhiteElo "2300"]
[BlackElo "2379"]
[PlyCount "43"]
[EventDate "2004.??.??"]

1. d4 g6 2. Nf3 Bg7 3. c3 f5 4. Bf4 Nf6 5. h3 d6 6. e3 O-O 7. Bc4+ e6 8. Nbd2
Nc6 9. Qe2 a6 10. g4 b5 11. Bb3 Na5 12. Bc2 Bb7 13. gxf5 exf5 14. Rg1 Qe8 15.
h4 Bd5 16. Ng5 Nc4 17. Nxc4 bxc4 18. b3 Qb5 19. bxc4 Bxc4 20. Qxc4+ Qxc4 21.
Bb3 Qd5 22. Kd2 1/2-1/2

[Event "8.HK 61 aars Jubilaeumsturnering 2004"]
[Site "Farum"]
[Date "2004.10.13"]
[Round "4"]
[White "Damm, Kasper Wilken"]
[Black "Petersen, Peter Birk"]
[Result "1/2-1/2"]
[WhiteElo "2238"]
[BlackElo "2210"]
[PlyCount "99"]
[EventDate "2004.??.??"]

1. e4 c5 2. Nf3 e6 3. d4 cxd4 4. Nxd4 Nc6 5. Nc3 Qc7 6. f4 a6 7. Nxc6 bxc6 8.
Bd3 d6 9. O-O Nf6 10. Qf3 Bb7 11. Nd1 Be7 12. b3 d5 13. e5 Nd7 14. c4 g6 15.
Bb2 O-O 16. Kh1 a5 17. Nf2 a4 18. Qh3 a3 19. Bc3 c5 20. cxd5 exd5 21. Rac1 Ba6
22. Bxa6 Rxa6 23. Ng4 f5 24. Nh6+ Kg7 25. e6+ Nf6 26. Nf7 Qb7 27. Be5 h5 28.
Ng5 Kg8 29. Bxf6 Bxf6 30. Rxc5 Bxg5 31. fxg5 Rxe6 32. Qc3 Qg7 33. Qxg7+ Kxg7
34. Rc2 Rfe8 35. Kg1 d4 36. Rd1 Re4 37. h3 Kf7 38. Kf2 h4 39. Rd3 Ke6 40. Rc6+
Kd5 41. Rxg6 Rf4+ 42. Rf3 Rxf3+ 43. gxf3 d3 44. Rg7 Kd4 45. Rd7+ Kc3 46. g6 d2
47. g7 Kc2 48. Rc7+ Kb2 49. Rd7 Kc2 50. Rc7+ 1/2-1/2

[Event "8.HK 61 aars Jubilaeumsturnering 2004"]
[Site "Farum"]
[Date "2004.10.13"]
[Round "4"]
[White "Ulrich, Jesper"]
[Black "Nielsen, Nicholas Roland"]
[Result "0-1"]
[WhiteElo "2070"]
[BlackElo "2169"]
[PlyCount "90"]
[EventDate "2004.??.??"]

1. d4 Nf6 2. c4 g6 3. Nc3 Bg7 4. e4 d6 5. Bd3 c5 6. d5 O-O 7. Bg5 h6 8. Bh4 Qa5
9. Qc2 g5 10. Bg3 Nh5 11. Nge2 Nd7 12. f4 gxf4 13. Bxf4 Nxf4 14. Nxf4 Ne5 15.
O-O Bd7 16. Nh5 Nxd3 17. Qxd3 Be5 18. Rf3 Kh8 19. h3 f6 20. g4 Rg8 21. a3 a6
22. Rb1 b5 23. cxb5 axb5 24. Ne2 Rg5 25. Neg3 Rag8 26. Kf2 Qa7 27. Qd2 c4+ 28.
Kg2 Kh7 29. Nf4 Qa8 30. Nfe2 Qc8 31. Kf2 Kg6 32. Nf5 Bxf5 33. Rxf5 Kf7 34. Nf4
Qc5+ 35. Kf3 c3 36. bxc3 Rxf5 37. exf5 Rc8 38. Ne2 h5 39. Rc1 hxg4+ 40. hxg4
Rh8 41. Nf4 Qxa3 42. Qe3 Qa2 43. Rg1 Bxf4 44. Qe6+ Kf8 45. Kxf4 Qf2+ 0-1

[Event "8.HK 61 aars Jubilaeumsturnering 2004"]
[Site "Farum"]
[Date "2004.10.13"]
[Round "4"]
[White "Andersen, Rune"]
[Black "Nilsson, Lars Kjoller"]
[Result "1-0"]
[WhiteElo "2054"]
[BlackElo "2074"]
[PlyCount "116"]
[EventDate "2004.??.??"]

1. d4 Nf6 2. c4 Nc6 3. Nf3 e6 4. Bg5 h6 5. Bh4 g5 6. Bg3 Bb4+ 7. Nc3 Ne4 8. Qd3
f5 9. d5 Qf6 10. dxc6 Bxc3+ 11. bxc3 f4 12. Bxf4 Qxf4 13. g3 Qf5 14. g4 Qf4 15.
Qd4 Rf8 16. Bg2 bxc6 17. O-O Nd6 18. Ne5 Ba6 19. c5 Qxd4 20. cxd4 Nb5 21. e3
Nc3 22. Rfe1 Rb8 23. Bf1 Bxf1 24. Rxf1 Rb2 25. Kg2 Nd5 26. Kg3 Nc3 27. f3 Rf6
28. Rf2 Ne4+ 29. fxe4 Rfxf2 30. Nd3 Rxa2 31. Rb1 Rxh2 32. Rb8+ Ke7 33. Rh8 Kf7
34. Rh7+ Kg6 35. Rxd7 Rhg2+ 36. Kf3 Kf6 37. e5+ Kg6 38. Re7 h5 39. Rxe6+ Kg7
40. gxh5 Rg1 41. h6+ Kh7 42. Rxc6 g4+ 43. Kf4 Rf1+ 44. Kg5 Rf7 45. e6 Re7 46.
Kxg4 Kxh6 47. Kf5 Kg7 48. Nf4 Rf2 49. Ke5 a5 50. Nd5 Re8 51. Rxc7+ Kg6 52. Nf4+
Kh6 53. Ra7 Rf3 54. Ke4 Rf1 55. Rxa5 Kg5 56. d5 Kf6 57. Ra7 Rc1 58. Rf7+ Kg5
1-0

[Event "8.HK 61 aars Jubilaeumsturnering 2004"]
[Site "Farum"]
[Date "2004.10.13"]
[Round "4"]
[White "Pedersen, Henrik Bolding"]
[Black "Larsen, Thomas"]
[Result "1/2-1/2"]
[WhiteElo "2235"]
[BlackElo "1856"]
[PlyCount "118"]
[EventDate "2004.??.??"]

1. e4 e6 2. d4 d5 3. Nd2 c5 4. exd5 exd5 5. Bb5+ Nc6 6. Qe2+ Be6 7. Ngf3 Bd6 8.
dxc5 Bxc5 9. Nb3 Bd6 10. Nfd4 Qd7 11. c3 Nge7 12. Bg5 O-O 13. O-O Nf5 14. Qd2
a6 15. Be2 Rfe8 16. Rfe1 Qc7 17. h3 Ncxd4 18. Nxd4 Nxd4 19. Qxd4 f6 20. Be3
Rad8 21. Bf3 Be5 22. Qb6 Qf7 23. Rad1 Rd6 24. Qb4 Rd7 25. Bd4 Bd6 26. Qb3 Rc8
27. Re2 Rc6 28. a4 Bf4 29. Rde1 Bc7 30. Kf1 Bb8 31. Qc2 Rd8 32. Qd3 Bc7 33. Kg1
Bb8 34. Re3 Bf4 35. R3e2 Bb8 36. Rd2 Bf4 37. Rdd1 Bb8 38. Be3 Bc7 39. Bd4 Bb8
40. Re2 Bf4 41. g3 Bc7 42. Kg2 Qd7 43. h4 Bh3+ 44. Kg1 Re6 45. b3 Rxe2 46. Qxe2
Be6 47. Qd2 Bg4 48. Qe2 Bxf3 49. Qxf3 Qe6 50. Qe3 Qd7 51. Re1 Kf7 52. Qf3 h6
53. Kg2 Re8 54. Rxe8 Kxe8 55. Qh5+ Kf8 56. Qe2 Qf5 57. Bc5+ Kg8 58. Qe8+ Kh7
59. Qe2 Be5 1/2-1/2

[Event "8.HK 61 aars Jubilaeumsturnering 2004"]
[Site "Farum"]
[Date "2004.10.13"]
[Round "4"]
[White "Mortensen, Henrik"]
[Black "Lavrsen, Frands Winther"]
[Result "1-0"]
[WhiteElo "2030"]
[BlackElo "1778"]
[PlyCount "83"]
[EventDate "2004.??.??"]

1. e4 c6 2. d4 d5 3. exd5 cxd5 4. Bd3 Nc6 5. c3 Nf6 6. Bf4 e6 7. Nd2 Be7 8.
Ngf3 O-O 9. h3 Bd7 10. O-O Rc8 11. Re1 a6 12. Ne5 b5 13. Ndf3 Qb6 14. Ng5 g6
15. Nxh7 Kxh7 16. Nxd7 Nxd7 17. Qh5+ Kg8 18. Bxg6 Nf6 19. Qh6 fxg6 20. Qxg6+
Kh8 21. Rxe6 Qd8 22. Rae1 Qe8 23. Qh6+ Kg8 24. R1e3 Kf7 25. Rxf6+ Bxf6 26. Qh5+
Kg8 27. Rxe8 Rcxe8 28. Qxd5+ Kg7 29. Qxc6 Re2 30. Qxa6 Rxb2 31. a4 bxa4 32.
Qxa4 Rf7 33. Be3 Bh4 34. g3 Bxg3 35. d5 Be5 36. Qg4+ Kh7 37. Qh5+ Kg8 38. Qxe5
Rb1+ 39. Kg2 Rg7+ 40. Bg5 Rbb7 41. h4 Rbc7 42. d6 1-0

[Event "8.HK 61 aars Jubilaeumsturnering 2004"]
[Site "Farum"]
[Date "2004.10.13"]
[Round "4"]
[White "Bostrup, Tomas Due"]
[Black "Forsmann, Henning"]
[Result "1/2-1/2"]
[WhiteElo "1623"]
[BlackElo "1631"]
[PlyCount "81"]
[EventDate "2004.??.??"]

1. d4 Nf6 2. c4 e6 3. Nf3 Bb4+ 4. Bd2 Qe7 5. a3 Bxd2+ 6. Nbxd2 c5 7. e3 b6 8.
Be2 Bb7 9. O-O O-O 10. Rb1 d6 11. b4 Nbd7 12. Ne1 cxd4 13. exd4 e5 14. Nb3 Rfe8
15. Nc2 Rac8 16. Ne3 exd4 17. Nxd4 Ne4 18. Qd3 Ne5 19. Qc2 Qf6 20. Nf3 d5 21.
Nxe5 Qxe5 22. Rbd1 dxc4 23. Nxc4 Qg5 24. Bf3 b5 25. Rd4 Rxc4 26. Rxc4 bxc4 27.
Re1 h6 28. Qxc4 Qd5 29. Qc2 Qf5 30. h3 h5 31. Qc7 Bd5 32. Qxa7 Re6 33. Qa5 h4
34. Bxe4 Rxe4 35. Rxe4 Qxe4 36. f3 Qe3+ 37. Kh2 Qf4+ 38. Kg1 Qc1+ 39. Kh2 Qf4+
40. Kg1 Qe3+ 41. Kh2 1/2-1/2

[Event "8.HK 61 aars Jubilaeumsturnering 2004"]
[Site "Farum"]
[Date "2004.10.13"]
[Round "4"]
[White "Nielsen, Marianne Izaura"]
[Black "Hansen, Torben Elleby"]
[Result "1-0"]
[WhiteElo "1634"]
[BlackElo "1583"]
[PlyCount "57"]
[EventDate "2004.??.??"]

1. e4 Nf6 2. e5 Nd5 3. d4 d6 4. c4 Nb6 5. exd6 cxd6 6. Nc3 Bf5 7. Be3 Nc6 8.
Be2 Rc8 9. Rc1 d5 10. c5 Na8 11. Nf3 b6 12. O-O e6 13. Qa4 Qd7 14. Bb5 f6 15.
Ne2 Bg4 16. Nf4 bxc5 17. dxc5 Bxf3 18. gxf3 e5 19. Nd3 a6 20. Qxa6 Nc7 21. Bxc6
Nxa6 22. Bxd7+ Kxd7 23. b4 e4 24. fxe4 dxe4 25. b5 Nc7 26. c6+ Kd8 27. Nc5 Nxb5
28. Nxe4 Rc7 29. Bb6 1-0

[Event "8.HK 61 aars Jubilaeumsturnering 2004"]
[Site "Farum"]
[Date "2004.10.13"]
[Round "4"]
[White "Christoffersen, Eskild"]
[Black "Hein, Jacob"]
[Result "1/2-1/2"]
[WhiteElo "1489"]
[BlackElo "1282"]
[PlyCount "62"]
[EventDate "2004.??.??"]

1. d4 Nf6 2. c4 e6 3. Nc3 Be7 4. g3 c6 5. Bg2 Na6 6. e4 d6 7. Nge2 O-O 8. O-O
h5 9. Bg5 Nh7 10. Bxe7 Qxe7 11. Nf4 h4 12. a3 e5 13. dxe5 dxe5 14. Nfe2 Bg4 15.
Qc2 Ng5 16. b4 Bf3 17. Bxf3 Nxf3+ 18. Kg2 Qf6 19. Rad1 Kh7 20. Rd3 h3+ 21. Kxh3
Rh8 22. Kg2 Ng5 23. f4 Ne6 24. Rd6 Qh6 25. f5 Nf4+ 26. Rxf4 Qxd6 27. c5 Nxc5
28. bxc5 Qxc5 29. Rh4+ Kg8 30. Rxh8+ Kxh8 31. Qb3 Qe7 1/2-1/2

[Event "8.HK 61 aars Jubilaeumsturnering 2004"]
[Site "Farum"]
[Date "2004.10.13"]
[Round "4"]
[White "Olsen, Ole"]
[Black "Pedersen, Jens Kornbaek"]
[Result "0-1"]
[WhiteElo "1324"]
[BlackElo "1364"]
[PlyCount "81"]
[EventDate "2004.??.??"]

1. e4 c5 2. Bc4 Nc6 3. d3 g6 4. Bd2 Bg7 5. Bc3 e5 6. Bd5 Nge7 7. Bxc6 Nxc6 8.
Nd2 O-O 9. Ngf3 d6 10. h3 f5 11. Qe2 a5 12. b3 Nd4 13. Nxd4 cxd4 14. Bb2 Bd7
15. Rc1 Rc8 16. O-O b5 17. c4 dxc3 18. Rxc3 Be6 19. Rfc1 d5 20. Rxc8 Bxc8 21.
exd5 Qxd5 22. Nf3 Bb7 23. Ne1 b4 24. Qe3 Ba6 25. Rc5 Qd8 26. Rc1 Re8 27. f3 Bf6
28. Rd1 Bg5 29. Qc5 Bf4 30. Qc2 Qb6+ 31. Kh1 Rc8 32. Qe2 Qf6 33. Qf2 h5 34. g3
Bh6 35. Kh2 Bf8 36. f4 Bc5 37. Qf3 Qb6 38. Bxe5 Bg1+ 39. Kh1 Bb7 40. d4 Bxf3+
41. Nxf3 0-1

[Event "8.HK 61 aars Jubilaeumsturnering 2004"]
[Site "Farum"]
[Date "2004.10.14"]
[Round "5"]
[White "Nielsen, Nicholas Roland"]
[Black "Hove, Esben Kjems"]
[Result "0-1"]
[WhiteElo "2169"]
[BlackElo "2300"]
[PlyCount "134"]
[EventDate "2004.??.??"]

1. e4 c6 2. d4 d5 3. e5 Bf5 4. Nc3 e6 5. g4 Bg6 6. Nge2 Ne7 7. Nf4 Nd7 8. Bg2
h5 9. gxh5 Bf5 10. Qe2 Qb6 11. Qe3 Bxc2 12. Qe2 Bh7 13. Be3 Nf5 14. Rd1 Nh4 15.
Bh3 Bf5 16. O-O Bxh3 17. Nxh3 Nf5 18. b3 g6 19. Nf4 Bh6 20. Na4 Qb5 21. Qxb5
cxb5 22. Nc3 g5 23. Nh3 g4 24. Bxh6 gxh3 25. Bf4 a6 26. Ne2 Rxh5 27. Rc1 Rh4
28. Rfd1 Rg4+ 29. Bg3 Kd8 30. f3 Rg8 31. Kf2 Nb8 32. Rg1 Nc6 33. Bf4 Kd7 34.
Be3 Nb4 35. Nf4 Nxa2 36. Ra1 Nb4 37. Nh5 Rh8 38. Nf6+ Kc7 39. Rac1+ Nc6 40. Rg5
Rad8 41. Rxf5 exf5 42. Rg1 a5 43. Rg7 Rhf8 44. Nh7 Kb6 45. Nxf8 Rxf8 46. Rh7 a4
47. bxa4 bxa4 48. Bc1 Rg8 49. Rxh3 Kb5 50. Rh7 Nd8 51. h4 Kb4 52. Rh6 Ne6 53.
Rf6 Rg7 54. Rxf5 a3 55. Rf6 Kb3 56. Bxa3 Kxa3 57. f4 b5 58. f5 Nxd4 59. e6 fxe6
60. fxe6 Re7 61. h5 Rxe6 62. Rf4 Nc2 63. Rf5 b4 64. Rxd5 b3 65. Ra5+ Kb4 66.
Ra8 b2 67. Kg3 Kb3 0-1

[Event "8.HK 61 aars Jubilaeumsturnering 2004"]
[Site "Farum"]
[Date "2004.10.14"]
[Round "5"]
[White "Damm, Kasper Wilken"]
[Black "Andersen, Rune"]
[Result "1/2-1/2"]
[WhiteElo "2238"]
[BlackElo "2054"]
[PlyCount "138"]
[EventDate "2004.??.??"]

1. f4 c5 2. Nf3 Nc6 3. b3 d5 4. e3 f6 5. Bb5 Qb6 6. c4 Be6 7. Nc3 dxc4 8. bxc4
a6 9. Na4 Qa5 10. Nxc5 Bxc4 11. Bxc4 Qxc5 12. Qb3 Nh6 13. Ba3 Qa7 14. Be6 g6
15. Rc1 Bg7 16. d4 f5 17. Bc5 Qb8 18. O-O Ng4 19. Bf7+ Kf8 20. Ng5 Nd8 21. Ne6+
Nxe6 22. Bxe6 h5 23. Ba3 Qd8 24. Qxb7 Bf6 25. d5 Rb8 26. Qxa6 Nxe3 27. Rfe1 Bd4
28. Bc5 Nc2+ 29. Bxd4 Nxd4 30. a4 Kg7 31. Qa7 Rb4 32. a5 Qd6 33. Kh1 h4 34. Qc7
Nb5 35. Qxd6 Nxd6 36. Bd7 Ne4 37. Bc6 h3 38. Rc2 Rb3 39. a6 Ra3 40. Bb7 Kf7 41.
Kg1 Kf6 42. gxh3 Rhxh3 43. Kg2 Rhb3 44. Ree2 Rb4 45. Ra2 Rba4 46. Rxa3 Rxa3 47.
Rc2 Nd6 48. Rb2 g5 49. fxg5+ Kxg5 50. Kf1 f4 51. Re2 Nf5 52. Kf2 Ne3 53. h4+
Kxh4 54. d6 exd6 55. Kf3 Nd5+ 56. Kf2 Nb4 57. Rd2 Nxa6 58. Bf3 Nc5 59. Rxd6
Ra2+ 60. Ke1 Kg3 61. Bc6 Rb2 62. Rg6+ Kh4 63. Rd6 Nb3 64. Ba8 Kg5 65. Rd8 Kf6
66. Rf8+ Ke5 67. Re8+ Kd4 68. Re4+ Kd3 69. Rxf4 Nd4 1/2-1/2

[Event "8.HK 61 aars Jubilaeumsturnering 2004"]
[Site "Farum"]
[Date "2004.10.14"]
[Round "5"]
[White "Fries Nielsen, Jens Ove"]
[Black "Mortensen, Henrik"]
[Result "1-0"]
[WhiteElo "2379"]
[BlackElo "2030"]
[PlyCount "85"]
[EventDate "2004.??.??"]

1. e4 c6 2. f4 d5 3. e5 Bf5 4. Nf3 Bg4 5. d4 e6 6. Be2 c5 7. O-O Nc6 8. c3 Nh6
9. Be3 Nf5 10. Bf2 Qb6 11. Nbd2 cxd4 12. cxd4 Bb4 13. Nb3 O-O 14. h3 Bxf3 15.
Bxf3 Qd8 16. Be2 Na5 17. g4 Nh4 18. Nxa5 Bxa5 19. Qd3 Bb6 20. Qg3 Ng6 21. f5
Ne7 22. Bd3 exf5 23. gxf5 f6 24. Kh1 Nc6 25. Rg1 Rf7 26. e6 Re7 27. Qh4 Qf8 28.
Rac1 Rc8 29. a3 a6 30. Bb1 Bc7 31. Ba2 Rd8 32. Rc5 Kh8 33. Rxd5 Rxd5 34. Bxd5
Re8 35. Qe4 Ne7 36. Ba2 Rc8 37. d5 Be5 38. Rd1 Qd8 39. d6 Nc6 40. d7 Rb8 41.
Bc5 Ne7 42. Bxe7 Qxe7 43. Qxb7 1-0

[Event "8.HK 61 aars Jubilaeumsturnering 2004"]
[Site "Farum"]
[Date "2004.10.14"]
[Round "5"]
[White "Petersen, Peter Birk"]
[Black "Ulrich, Jesper"]
[Result "1/2-1/2"]
[WhiteElo "2210"]
[BlackElo "2070"]
[PlyCount "86"]
[EventDate "2004.??.??"]

1. e4 g6 2. d4 Bg7 3. Nc3 d6 4. Be3 Nf6 5. f3 Nc6 6. Qd2 e5 7. Nge2 Bd7 8.
O-O-O a6 9. d5 Ne7 10. g4 h5 11. g5 Nh7 12. h4 Nc8 13. Kb1 O-O 14. Nc1 Re8 15.
Nb3 Nf8 16. Na5 Rb8 17. Nc4 Re7 18. Bh3 Bxh3 19. Rxh3 Nd7 20. Ne2 Ra8 21. Na5
Rb8 22. Nc1 Ndb6 23. c4 Re8 24. Nd3 Bf8 25. Rh2 Nd7 26. Ka1 Ne7 27. Qc3 b6 28.
Nc6 Nxc6 29. dxc6 Nc5 30. Nxc5 bxc5 31. Bxc5 Re7 32. Ba3 Qe8 33. c5 Qxc6 34.
cxd6 Qxc3 35. bxc3 Rd7 36. Rhd2 cxd6 37. c4 Rc7 38. Bxd6 Bxd6 39. Rxd6 Rxc4 40.
Rd8+ Rxd8 41. Rxd8+ Kg7 42. Kb2 Rb4+ 43. Kc2 Rc4+ 1/2-1/2

[Event "8.HK 61 aars Jubilaeumsturnering 2004"]
[Site "Farum"]
[Date "2004.10.14"]
[Round "5"]
[White "Nilsson, Lars Kjoller"]
[Black "Pedersen, Henrik Bolding"]
[Result "0-1"]
[WhiteElo "2074"]
[BlackElo "2235"]
[PlyCount "52"]
[EventDate "2004.??.??"]

1. e4 c5 2. Nc3 Nc6 3. g3 g6 4. Bg2 Bg7 5. d3 d6 6. f4 Rb8 7. Be3 b5 8. Qd2 Nd4
9. Nd1 b4 10. c3 bxc3 11. bxc3 Nc6 12. Nf3 Nf6 13. Nf2 Qa5 14. O-O Ng4 15. Nxg4
Bxc3 16. Qd1 Bxg4 17. h3 Bxf3 18. Bxf3 Bxa1 19. Qxa1 Nd4 20. f5 Qa3 21. Bxd4
cxd4 22. Qxd4 Qc5 23. Qxc5 dxc5 24. Rc1 O-O 25. Rxc5 Rfc8 26. Ra5 Rb2 0-1

[Event "8.HK 61 aars Jubilaeumsturnering 2004"]
[Site "Farum"]
[Date "2004.10.14"]
[Round "5"]
[White "Larsen, Thomas"]
[Black "Bostrup, Tomas Due"]
[Result "1/2-1/2"]
[WhiteElo "1856"]
[BlackElo "1623"]
[PlyCount "127"]
[EventDate "2004.??.??"]

1. e4 d6 2. Nc3 Nf6 3. f4 g6 4. Nf3 Bg7 5. d3 O-O 6. g3 Bg4 7. Bg2 c5 8. O-O
Nc6 9. h3 Bxf3 10. Bxf3 Rb8 11. Bg2 Nd7 12. Ne2 b5 13. g4 a5 14. f5 Nd4 15. Ng3
b4 16. Be3 Nb5 17. Rb1 a4 18. Qd2 a3 19. Bh6 Bxb2 20. Bxf8 Qxf8 21. fxg6 hxg6
22. Ne2 Nc3 23. Nxc3 Bxc3 24. Qf4 Ne5 25. Rbd1 Qc8 26. Rb1 Qe6 27. Rb3 c4 28.
dxc4 Nxc4 29. Rf3 Bd4+ 30. Kh1 Be5 31. Qc1 Na5 32. Qb1 Nxb3 33. Rxb3 Qc4 34.
Rxa3 bxa3 35. Qxb8+ Kg7 36. Qb3 Qa6 37. c4 Bb2 38. Qb5 Qc8 39. Qd5 Qc5 40. Qxc5
dxc5 41. Kg1 Kf6 42. Kf2 Ke5 43. Ke3 Bd4+ 44. Kd3 Kf4 45. Bf1 g5 46. Be2 Kg3
47. Bd1 Kxh3 48. Be2 Kg3 49. Bd1 Kf4 50. Be2 e6 51. Bd1 f5 52. exf5 exf5 53.
gxf5 Kxf5 54. Ke2 Kf4 55. Kf1 Kg3 56. Ba4 g4 57. Bc6 Kf4 58. Kg2 g3 59. Ba4 Be5
60. Bb3 Ke3 61. Bc2 Ke2 62. Bb3 Kd3 63. Kf3 Kc3 64. Kg2 1/2-1/2

[Event "8.HK 61 aars Jubilaeumsturnering 2004"]
[Site "Farum"]
[Date "2004.10.14"]
[Round "5"]
[White "Lavrsen, Frands Winther"]
[Black "Nielsen, Marianne Izaura"]
[Result "0-1"]
[WhiteElo "1778"]
[BlackElo "1634"]
[PlyCount "58"]
[EventDate "2004.??.??"]

1. f4 d5 2. Nf3 g6 3. e3 Bg7 4. Be2 Nh6 5. O-O O-O 6. d3 c6 7. Qe1 Qb6 8. c3
Nf5 9. Bd1 Na6 10. Kh1 Nc5 11. Bc2 Nd6 12. Nbd2 Qa6 13. Qe2 Bf5 14. Ne1 h5 15.
Rf2 Bg4 16. Ndf3 Qb5 17. Qd2 Qb6 18. Ne5 Bf5 19. b4 Nd7 20. N1f3 Rad8 21. Nd4
Nxe5 22. fxe5 Bxe5 23. Nxf5 Nxf5 24. d4 Bg7 25. Bxf5 gxf5 26. Rxf5 Qb5 27. Bb2
Rd6 28. e4 Rf6 29. Raf1 Qxf1+ 0-1

[Event "8.HK 61 aars Jubilaeumsturnering 2004"]
[Site "Farum"]
[Date "2004.10.14"]
[Round "5"]
[White "Forsmann, Henning"]
[Black "Hein, Jacob"]
[Result "0-1"]
[WhiteElo "1631"]
[BlackElo "1282"]
[PlyCount "70"]
[EventDate "2004.??.??"]

1. Nf3 c5 2. c4 Nf6 3. g3 g6 4. Bg2 Nc6 5. O-O Bg7 6. Nc3 d5 7. cxd5 Nxd5 8. a3
Nf6 9. d3 e5 10. Ng5 Nd4 11. Nge4 Ne6 12. Bd2 O-O 13. Qc1 Nd4 14. Nxf6+ Bxf6
15. Qd1 Be6 16. Be3 Nb3 17. Rb1 Rb8 18. Qc2 Nd4 19. Bxd4 cxd4 20. Ne4 Be7 21.
Qa4 a5 22. Rbc1 b5 23. Qd1 a4 24. Qd2 f5 25. Nc5 Bg5 26. f4 exf4 27. gxf4 Bd5
28. fxg5 Bxg2 29. Kxg2 Re8 30. Rf2 Re3 31. h4 Qd5+ 32. Rf3 Rbe8 33. Re1 Qxc5
34. Rf2 Qe5 35. Rf4 Qxf4 0-1

[Event "8.HK 61 aars Jubilaeumsturnering 2004"]
[Site "Farum"]
[Date "2004.10.14"]
[Round "5"]
[White "Pedersen, Jens Kornbaek"]
[Black "Christoffersen, Eskild"]
[Result "1/2-1/2"]
[WhiteElo "1364"]
[BlackElo "1489"]
[PlyCount "86"]
[EventDate "2004.??.??"]

1. c4 e5 2. Nc3 Nf6 3. Nf3 Nc6 4. d4 exd4 5. Nxd4 Bb4 6. e3 Bxc3+ 7. bxc3 d6 8.
Be2 Bd7 9. O-O O-O 10. Rb1 Rb8 11. Qc2 Re8 12. f3 Ne5 13. Rd1 a6 14. e4 h6 15.
Be3 Re7 16. Nb3 Qe8 17. c5 dxc5 18. Nxc5 Bc6 19. Rb2 b6 20. Nxa6 Ba4 21. Qb1
Bxd1 22. Bxd1 Nc4 23. Re2 Nxe3 24. Rxe3 Rd8 25. Nb4 Nd5 26. Nxd5 Rxd5 27. Bb3
Rd2 28. h3 Qd8 29. Re1 Qd6 30. Rd1 Qc5+ 31. Kh1 Red7 32. Rxd2 Rxd2 33. Qf1 Qxc3
34. Qb5 Qb2 35. Qe8+ Kh7 36. Bxf7 h5 37. Qg8+ Kh6 38. Qh8+ Kg5 39. Qxh5+ Kf4
40. Qh4+ Ke3 41. Qg5+ Kf2 42. Qh4+ Ke3 43. Qg5+ Kf2 1/2-1/2

[Event "8.HK 61 aars Jubilaeumsturnering 2004"]
[Site "Farum"]
[Date "2004.10.14"]
[Round "5"]
[White "Hansen, Torben Elleby"]
[Black "Olsen, Ole"]
[Result "1-0"]
[WhiteElo "1583"]
[BlackElo "1324"]
[PlyCount "97"]
[EventDate "2004.??.??"]

1. e4 e5 2. Nf3 d6 3. Bc4 Bg4 4. d3 h6 5. Nc3 Nf6 6. Be3 Be7 7. h3 Bh5 8. g4
Bg6 9. Nh4 Bh7 10. Qd2 Nxe4 11. dxe4 Bxh4 12. O-O-O O-O 13. Rhg1 Nc6 14. g5 h5
15. g6 Bxg6 16. Rxg6 Kh8 17. Rg2 g6 18. Bh6 f6 19. Rxg6 Bg5 20. Bxg5 fxg5 21.
Rh6+ Kg7 22. Rxh5 Kg6 23. Qe2 Rh8 24. Rxh8 Qxh8 25. Qg4 Qf8 26. h4 Qf4+ 27.
Qxf4 gxf4 28. Rh1 Rh8 29. h5+ Kg5 30. Bf7 Kf6 31. Bg6 Ne7 32. Nd5+ Nxd5 33.
exd5 Kg5 34. f3 c6 35. Be4 c5 36. Bg6 b5 37. Kd2 a5 38. b3 Rh6 39. Bd3 Rxh5 40.
Rxh5+ Kxh5 41. Bxb5 Kg5 42. Bd3 Kf6 43. Kc3 Ke7 44. Kc4 Kd7 45. Kb5 Kc7 46.
Kxa5 Kb7 47. a4 Ka7 48. Kb5 Kb7 49. a5 1-0

[Event "8.HK 61 aars Jubilaeumsturnering 2004"]
[Site "Farum"]
[Date "2004.10.15"]
[Round "6"]
[White "Hove, Esben Kjems"]
[Black "Damm, Kasper Wilken"]
[Result "1/2-1/2"]
[WhiteElo "2300"]
[BlackElo "2238"]
[PlyCount "37"]
[EventDate "2004.??.??"]

1. d4 Nf6 2. Nf3 c5 3. c3 cxd4 4. cxd4 g6 5. Nc3 Bg7 6. Bf4 O-O 7. e3 d6 8. Be2
a6 9. O-O b5 10. b4 Nbd7 11. a4 bxa4 12. Qxa4 Nb6 13. Qa5 Bb7 14. Bg5 Re8 15.
Bxf6 Bxf6 16. Na4 Nd5 17. Bc4 e6 18. Qxd8 Bxd8 19. b5 1/2-1/2

[Event "8.HK 61 aars Jubilaeumsturnering 2004"]
[Site "Farum"]
[Date "2004.10.15"]
[Round "6"]
[White "Andersen, Rune"]
[Black "Fries Nielsen, Jens Ove"]
[Result "0-1"]
[WhiteElo "2054"]
[BlackElo "2379"]
[PlyCount "78"]
[EventDate "2004.??.??"]

1. d4 Nf6 2. c4 g6 3. Nc3 Bg7 4. e4 d6 5. Nge2 c6 6. Ng3 Nbd7 7. Be2 h5 8. h4
a6 9. a4 a5 10. Be3 e5 11. Qd2 exd4 12. Qxd4 Ne5 13. Qd2 Be6 14. b3 Nfg4 15.
Bxg4 Bxg4 16. f4 Nd7 17. Nge2 O-O 18. Rd1 Re8 19. g3 Bxc3 20. Nxc3 Bxd1 21.
Qxd1 Nf6 22. Qd3 Nxe4 23. Nxe4 Qe7 24. Kf2 Qxe4 25. Qxe4 Rxe4 26. Rd1 Rae8 27.
Bb6 Re2+ 28. Kf3 Rb2 29. Rd3 Re1 30. Bxa5 Rf1+ 31. Ke4 Re2+ 32. Kd4 Kf8 33. Bc7
Ke7 34. c5 d5 35. Kc3 Re4 36. Be5 Ke6 37. Bd4 Kf5 38. Kb4 Rb1 39. Kc3 Re2 0-1

[Event "8.HK 61 aars Jubilaeumsturnering 2004"]
[Site "Farum"]
[Date "2004.10.15"]
[Round "6"]
[White "Pedersen, Henrik Bolding"]
[Black "Nielsen, Nicholas Roland"]
[Result "1/2-1/2"]
[WhiteElo "2235"]
[BlackElo "2169"]
[PlyCount "46"]
[EventDate "2004.??.??"]

1. e4 c5 2. Nf3 Nc6 3. c3 Nf6 4. e5 Nd5 5. d4 cxd4 6. Bc4 Nb6 7. Bb3 e6 8. cxd4
d6 9. exd6 Bxd6 10. O-O O-O 11. Nc3 a6 12. a3 Qc7 13. Qd3 g6 14. h4 e5 15. dxe5
Nxe5 16. Nxe5 Bxe5 17. Bh6 Bf5 18. Qf3 Rfd8 19. Rfd1 Rxd1+ 20. Rxd1 Re8 21. Nd5
Nxd5 22. Bxd5 Bxb2 23. Qb3 Bf6 1/2-1/2